00768nam a2200217Ia 4500001000700000003000500007008004100012010001100053040000900064100002700073245017900100260004100279300001000320502007500330650001800405650002400423650002600447650003100473650003100504650001500535Z_1505CHAP220113s1992 xx 000 0 und d a164594 cCHAP aChapa Ríos, Anacleto aHeterosis y efectos genéticos individuales y maternos para características reproductivas en un cruzamiento entre bovinos Angus y Pardo suizo /cpor Anacleto Chapa Ríos aChapingo, Méx. :bEl autor,c1992 a86 h. aTesis (Ing. Agr. Esp. en Zootecnia) -- UACH. Departamento de Zootecnia aGanado Angus  aGanado Pardo Suizo  aGanado vacunoxCruzas aGanado vacunoxFecundidad  aGanado vacunoxGenética  aHeterosis